| 000 | 01454nam a2200373Ia 4500 | ||
|---|---|---|---|
| 001 | ebr10463927 | ||
| 003 | CaPaEBR | ||
| 006 | m u | ||
| 007 | cr cn||||||||| | ||
| 008 | 050202s2005 txua sb s001 0 eng d | ||
| 010 | _z 2005002898 | ||
| 020 | _z9781585444519 | ||
| 020 | _z1585444510 | ||
| 040 |
_aCaPaEBR _cCaPaEBR |
||
| 035 | _a(OCoLC)824699020 | ||
| 050 | 1 | 4 |
_aVM15 _b.M39 2005eb |
| 082 | 0 | 4 |
_a623.8/62 _222 |
| 100 | 1 |
_aMcCarthy, Mike, _d1947- |
|
| 245 | 1 | 0 |
_aShips' fastenings _h[electronic resource] : _bfrom sewn boat to steamship / _cMichael McCarthy. |
| 250 | _a1st ed. | ||
| 260 |
_aCollege Station : _bTexas A & M University Press, _cc2005. |
||
| 300 |
_axi, 229 p. : _bill. |
||
| 490 | 1 | _aEd Rachal Foundation nautical archaeology series | |
| 504 | _aIncludes bibliographical references (p. 197-215) and index. | ||
| 533 |
_aElectronic reproduction. _bPalo Alto, Calif. : _cebrary, _d2011. _nAvailable via World Wide Web. _nAccess may be limited to ebrary affiliated libraries. |
||
| 650 | 0 |
_aFasteners _xHistory. |
|
| 650 | 0 |
_aShipbuilding _xHistory. |
|
| 650 | 0 |
_aHulls (Naval architecture) _xHistory. |
|
| 650 | 0 | _aUnderwater archaeology. | |
| 655 | 7 |
_aElectronic books. _2local |
|
| 710 | 2 | _aebrary, Inc. | |
| 830 | 0 | _aEd Rachal Foundation nautical archaeology series. | |
| 856 | 4 | 0 |
_uhttp://site.ebrary.com/lib/rucke/Doc?id=10463927 _zAn electronic book accessible through the World Wide Web; click to view |
| 999 |
_c231711 _d231711 |
||